Sports Quiz

Random Sports or Clickable Quiz

2017 NFL Opening Day Starting QBs Quiz Stats

 Plays Quiz Updated Sep 10, 2017

Score 0/32 Timer 04:00
4 Plays Today
% Correct
Tom Brady
93.1%
Aaron Rodgers
93.2%
Ben Roethlisberger
92.9%
Eli Manning
92.4%
Cam Newton
92.3%
Russell Wilson
92.2%
Drew Brees
91.9%
Dak Prescott
91.4%
Matt Ryan
91.2%
Joe Flacco
90%
Matthew Stafford
89.3%
Alex Smith
89.2%
Derek Carr
89%
Andy Dalton
88.3%
Kirk Cousins
87.8%
Marcus Mariota
87.8%
% Correct
Carson Wentz
87.4%
Carson Palmer
87%
Jameis Winston
86.5%
Philip Rivers
86.3%
Blake Bortles
86.3%
Tyrod Taylor
84.4%
Jared Goff
84.2%
Trevor Siemian
83.1%
Sam Bradford
82.2%
Jay Cutler
81.9%
DeShone Kizer
76.9%
Tom Savage
75.3%
Scott Tolzien
72.6%
Josh McCown
72%
Brian Hoyer
68.7%
Mike Glennon
68.1%

You're not logged in!

Compare scores with friends on all Sporcle quizzes.
OR
Log In

You Might Also Like...

Show Comments

Extras

Top Quizzes Today


Score Distribution

Your Account Isn't Verified!

In order to create a playlist on Sporcle, you need to verify the email address you used during registration. Go to your Sporcle Settings to finish the process.

Report this User

Report this user for behavior that violates our Community Guidelines.

Details: